| 000 | 00482cam a22001932a 4500 | ||
|---|---|---|---|
| 001 | 011610 | ||
| 003 | AR-FADEU | ||
| 008 | 311216n1995####xxu####################dd | ||
| 092 |
_a306.36 _bJ15 |
||
| 100 | _aJacob, Annie | ||
| 245 | _aLa noción de trabajo : relato de una aventura socio-antropo-histórica | ||
| 260 | _aBuenos Aires | ||
| 260 | _bPIETTE | ||
| 260 | _c1995 | ||
| 300 | _a14 p | ||
| 440 |
_asociología del trabajo _n4 |
||
| 650 | _aTRABAJO | ||
| 942 | _cBDGR | ||
| 999 |
_c17385 _d17385 |
||